000
00311nam a2200121Ia 4500
008
190216s9999||||xx |||||||||||||| ||und||
100
_a
"Saxena Vp,Srivasthava Bp,Chand L"
245
0
_a
Indian Institute Of Technology
260
_b
Young Man & Co
_c
1985
300
_a
582p
650
_a
Technology
942
_c
REF
999
_c
35547
_d
35547